Guess The US States By Hints - Statistics

General Stats
  • This quiz has been taken 24 times
  • The average score is 16 of 50
Answer Stats
Hint US State % Correct
Most famous for its dairy and cheese production Wisconsin
76%
This state produces millions of pounds of peacheseach year Georgia
71%
This US state is closest to Africa Maine
67%
This state touches 4 of the 5 Great Lakes Michigan
67%
The Gateway Arch in this state commemorates westwardexpansion Missouri
67%
Only US state to be named after a president Washington
62%
Smallest state in the US Rhode Island
57%
Known as the birthplace of country music Tennessee
57%
This state has the saltiest lake in the Western Hemisphere Utah
57%
The first state in the US Delaware
52%
Known as the land with 10,000 lakes Minnesota
52%
The Liberty Bell is in this state Pennsylvania
52%
This state had the first Atomic Bomb test New Mexico
48%
The only state to border the Great Lakes and the AtlanticOcean New York
43%
The Wright Brothers made the first powered flight at Kitty Hawk North Carolina
43%
You will find Crater Lake in this state Oregon
43%
This state is home to the tallest tree in the world California
38%
State that holds the geographic center ofthe US Kansas
38%
Only state to use "Parishes" instead of"counties" Louisiana
38%
Called the "Mother of Presidents" because 8 presidentswere born in this state Virginia
38%
People often called it Seward's Folly Alaska
33%
This state has 2 official languages Hawaii
33%
The Wright Brothers Made the airplane in this state Ohio
33%
Last contiguous state to join the Union Arizona
29%
Flattest state in the USA Florida
29%
Home to the world's largest cave system, Mammoth Kentucky
29%
Birthplace of the Blues Mississippi
29%
First state to leave the Union and join the Confederacy South Carolina
29%
87% of this state is either Federal or Tribal land Nevada
24%
Babe Ruth was born in this state Maryland
19%
Basketball was founded in this state Massachusetts
19%
It's the only state with a single-house legislature Nebraska
19%
Only state to enter the US by treaty rather than a territorial annexation Texas
19%
First state to grant women the right to vote Wyoming
19%
First state below the Mason-Dixon to integrateschools Arkansas
14%
This state was admitted to the Union in 1876 which is whytheir nickname is the centennial state Colorado
14%
This state is home to Hell's Canyon which is deeper than theGrand Canyon Idaho
14%
This state was the first to recognize Christmas as anofficial holiday Alabama
10%
The first submarine and first nuclear submarine was built inthis state Connecticut
10%
This state has a town named Santa Claus Indiana
10%
This state is home to the first free public library which waspaid by taxation New Hampshire
10%
This state was the first to sign the Bill of Rights New Jersey
10%
Only US state that doesn't share a single letter of its namewith its capital South Dakota
10%
The first state, after the 13 original colonies, to be astate Vermont
10%
This state was the first to ratify the 13th amendment Illinois
5%
Birthplace of sliced bread Iowa
5%
The shortest river, Roe River, is in this state Montana
5%
Home to the international peace garden North Dakota
5%
This state banned whaling, despite being landlocked Oklahoma
5%
The Golden Delicious Apple was first grown in this state West Virginia
5%
No matching quizzes found
Score Distribution
Percent of People with Each Score
Percentile by Number Answered
Your Score History
You have not taken this quiz